Österreich-Quiz#1 - Statistiken

Allgemein
  • Dieses Quiz wurde 215 mal gespielt
    211 seit der letzten Aktualisierung
  • Das Durchschnittsergebnis liegt bei 8 aus 15
Antwortstatistiken
Frage Antwort % Korrekt
Die Hauptstadt Österreichs ist? Wien
99%
Wie viele Bundesländer hat Österreich? 9
90%
Die Hauptstadt eines Nachbarlandes ist...? Berlin, Prag, Bratislava, Budapest, Ljubljana, Rom, Bern, Vaduz
90%
Bist du aus Österreich? Ja
83%
Österreichisch für Kartoffel Erdapfel
76%
Das erste Wort der Bundeshymne... Land (der Berge...)
65%
Bundeskanzler Karl Nehammer
59%
Der österreichische Skifahrer, welcher bisher am öftesten Sportler des Jahres wurde heißt _____ Marcel Hirscher
57%
Was ist das Wahrzeichen Klagenfurts? Lindwurm
51%
Wann wurde die Republik Österreich gegründet? 1918
41%
Die Stadt, die von den Römern Iuvavum genannt wurde Salzburg
40%
Nenne eine der 6 Minderheiten in Österreich. kroatisch, slowenisch, ungarisch, tschechisch, slowakisch, Roma
30%
In Österreich geborener Regisseur und Schauspieler, bekannt durch die Rolle als Hans Landa Christoph Waltz
24%
In welchem Jahrhundert wurde sie erstmals genannt? 13.
22%
Was ist die älteste Stadt in Österreich? Enns
17%
Keine übereinstimmenden Quizze gefunden
Verteilung der Resultate
Anzahl Personen mit jedem Resultat
Perzentil nach korrekt beantworteten Fragen
Ihre Resultats-Entwicklung
Sie haben dieses Quiz seit der letzten Aktualisierung nicht gespielt